Responses for Show #3871 - Monday, June 4, 2001

Contestants

[<< previous game]

Susan Canavello, an attorney from New Orleans, Louisiana

Jason Block, an Internet researcher from Brooklyn, New York

Katie Sunseri, a teacher of the visually impaired from New Orleans, Louisiana (whose 3-day cash winnings total $32,001)

[next game >>]

Jeopardy! Round responses

THE FATHER OF HIS COUNTRY
NO LONGER AN OLYMPIC SPORT
LET'S GET GRAPHIC
THAT'S MISTER TO YOU
WHAT A TOOL
YOU COULD PUT OUT AN "I"
    $100 6
The Constitution

Susan
    $100 24
Croquet

Susan
    $100 16
(J: What is a blueprint?)

Dummy

Jason
Triple Stumper
    $100 1
Mr. Peanut

Susan
    $100 19
Hammers

Susan
    $100 9
Iceberg

Katie
    $200 7
Alexander Hamilton

Jason
    $200 25
Polo

Susan
    $200 17
Watermark

Susan
    $200 2
Mr. Bubble

Jason
    $200 20
Pliers

Susan
    $200 10
Illusion

Susan
    $300 8
(S: What is Washington & Lee?)

William & Mary

KatieSusan
    $1,700 26
(S: What is rugby?)

Tug of War

Susan
    $300 18
Glitter

Jason
    $300 3
Mr. T

Jason
    $300 21
Saws

Jason
    $300 11
Imposter

Susan
    $400 14
New York City

Jason
    $400 29
Rope

Jason
    $400 27
Letters

Triple Stumper
    $400 4
(S: Who is Mr. Black?)

Mr. Blackwell

KatieSusan
    $400 22
Sanders

Susan
    $400 12
Implosion

Jason
    $500 15
Trenton

Susan
    $500 30
(Kate: What is soccer?)
...
(Alex: Susan, now's the time for [*]--just missed it by a few clues!)

rugby

KatieSusan
    $500 28
Logotype

Triple Stumper
    $500 5
"Mr. Jones"

Jason
    $500 23
Planes

Jason
    $500 13
Immolate

Jason

Scores at the first commercial break (after clue 15):

Katie Jason Susan
$800 $2,500 $500

Scores at the end of the Jeopardy! Round:

Katie Jason Susan
$300 $3,900 $500

Double Jeopardy! Round responses

THE COUNTRY OF HIS FATHER
(Alex: We'll give you the name of a famous American, you tell me where his father was from.)
WORLD LITERATURE
WOMEN
THE SILVER SCREEN
BIBLICAL PEOPLE
FROM "C" TO SHINING "C"
(Alex: A correct response in each clue will begin and end with the letter "C".)
    $200 26
Italy

Susan
    $200 21
The Canterbury Tales

Katie
    $200 8
Jane Fonda

Susan
    $200 1
How the Grinch Stole Christmas

Susan
    $200 3
Joshua

Susan
    $200 12
chic

Katie
    $400 22
Dulcinea

Susan
    $400 9
(Jason: What is a bra?)

Absorber Sports Bra

Jason
    $400 2
(Jason: Who is Gort?)

Robby the Robot

Jason
Triple Stumper
    $400 4
John the Baptist

Susan
    $400 13
Katie Couric

Susan
    $600 29
[The end-of-round signal sounds]

Cuba

Jason
    $1,500 23
(Susan: What is The Divine Comedy?)
...
(Alex: We have a minute to go.)

The Prince

Susan
    $600 18
Field hockey

Jason
    $600 10
Nosferatu

Jason
    $600 5
Samson

Susan
    $600 14
claustrophobic

Jason
    $800 27
(Susan: What is Germany?)

Sweden

Susan
Triple Stumper
    $800 24
(Jason: What is doublespeak?)
(Susan: What are records?)

Truth

JasonSusan
Triple Stumper
    $800 19
Mary Cassatt

Susan
    $800 11
Lon Chaney

Katie
    $800 6
Saul

Susan
    $1,500 16
the Cenozoic

Jason
    $1000 28
(Jason: What is Czechoslovakia?)

Lebanon

JasonSusan
    $1000 25
(Susan: What is Greece?)
(Alex: Be more specific.)
(Susan: [No response])

Ithaca

Susan
Triple Stumper
    $1000 20
(Susan: Who is Pavlova?)

Lola Montez

Susan
Triple Stumper
    $1000 15
(Jason: What is "The Great Santini?")

Tender Mercies

Jason
Triple Stumper
    $1000 7
(Alex: Well done--you know your Bible!)

Sarah

Susan
    $1000 17
[NOTE: This was the 70,000th clue entered into the J! Archive, 2006-10-13.]

Jacques Chirac

Jason

Scores at the end of the Double Jeopardy! Round:

Katie Jason Susan
$1,500 $6,000 $1,600
(lock game)

[wagering suggestions for these scores]

Final Jeopardy! Round responses

U.S. MILITARY MATTERS
KatieWhat is the Joint Chiefs of Staff?
$0
SusanWhat is Department of Defense
$1,600
JasonWhat is The War Department?
$2,000
the National Guard

Final scores:

Katie Jason Susan
$1,500 $4,000 $0
2nd place: Trip to Club Med, Mexico New champion: $4,000 3rd place: DirecTV Satellite Package

Game dynamics:

Coryat scores:

Katie Jason Susan
$1,500 $5,300 $4,800
6 R,
1 W
18 R
(including 1 DD),
5 W
24 R,
8 W
(including 2 DDs)

Combined Coryat: $11,600

[game clues] [game scores] [suggest correction]

Game tape date: 2001-02-21
The J! Archive is created by fans, for fans. Scraping, republication, monetization, and malicious use prohibited; this site may use cookies and collect identifying information. See terms. The Jeopardy! game show and all elements thereof, including but not limited to copyright and trademark thereto, are the property of Jeopardy Productions, Inc. and are protected under law. This website is not affiliated with, sponsored by, or operated by Jeopardy Productions, Inc. Join the discussion at JBoard.tv.